Statistics for Football players starting with the letter G

Click here to take the quiz!

General Stats

  • This quiz has been taken 66 times
  • The average score is 11 of 16

Answer Stats

Answer% Correct
Jack Grealish
98%
Olivier Giroud
98%
Steve Gerrard
95%
Antoine Griezmann
93%
Ílkay Gündoğan
86%
Josep Guardiola
81%
Cody Gakpo
77%
Gabriel
77%
Joe Gomez
70%
Alejandro Garnacho
68%
Bruno Guimarães
65%
Matthias Ginter
63%
Kamil Glik
56%
Aleksandr Golovin
54%
Sergio Gómez
16%
Raphaël Gerreiro
12%

Score Distribution

Percentile by Number Answered

Percent of People with Each Score

Your Score History

You have not taken this quiz